| 000 | 00555nam a2200193 a 4500 | ||
|---|---|---|---|
| 005 | 20210219153148.0 | ||
| 008 | 991125n 000 0 spa u | ||
| 035 | _aUPN01000081272 | ||
| 100 | _aMARKO, Hans | ||
| 222 | _aEDUCACION : COLECCION SEMESTRAL DE APORTACIONES ALEMANAS RECIENTES EN CIENCIAS PEDAGOGICAS | ||
| 245 | _aEl hombre como almacén y fuente de información | ||
| 300 | _a22-31 | ||
| 362 | _a1971 Vol. 3 | ||
| 653 | 0 | _aINFORMACION | |
| 653 | 0 | _aMEMORIA | |
| 653 | 0 | _aSISTEMA NERVIOSO | |
| 904 |
_aAC _b019083 |
||
| 905 | _aArticulo | ||
| 999 |
_c69874 _d69874 |
||